[Event "Pere Noel"]
[Site "Montreal CAN"]
[Date "2023.12.27"]
[Round "1.8"]
[White "Kozlov, Guennadi"]
[Black "Clyde, Jordan"]
[Result "0-1"]
[WhiteElo "1849"]
[BlackElo "2250"]
[PlyCount "80"]
[EventDate "2023.12.27"]
[EventType "swiss"]
[EventRounds "5"]
[EventCountry "CAN"]

1. e4 g6 2. d4 d6 3. Nc3 c6 4. Nf3 Bg7 5. Bd3 Bg4 6. Ne2 d5 7. e5 c5 8. c3 Nc6
9. Bb5 e6 10. Qa4 Nge7 11. Nfg1 Bxe2 12. Nxe2 a6 13. Bxc6+ Nxc6 14. O-O cxd4
15. cxd4 O-O 16. Be3 Qd7 17. Qd1 Rac8 18. Qd2 f6 19. f4 Qc7 20. Rac1 Qb6 21.
Nc3 Qa5 22. a3 b5 23. Nb1 Qb6 24. Qd3 Na5 25. b3 Rc6 26. Rxc6 Nxc6 27. Rc1 g5
28. g3 gxf4 29. gxf4 Ne7 30. Rc2 Nf5 31. Bf2 Bh6 32. Qc3 Bxf4 33. Qc6 Qxc6 34.
Rxc6 fxe5 35. Rxe6 exd4 36. Kf1 d3 37. Nc3 Rc8 38. Nd1 Kf7 39. Rxa6 Rc1 40. Ke1
d4 0-1

[Event "Pere Noel"]
[Site "Montreal CAN"]
[Date "2023.12.27"]
[Round "1.9"]
[White "Zhang, Chu Hang"]
[Black "Peloquin, Charli"]
[Result "1-0"]
[WhiteElo "2241"]
[BlackElo "1848"]
[PlyCount "68"]
[EventDate "2023.12.27"]
[EventType "swiss"]
[EventRounds "5"]
[EventCountry "CAN"]

1. e4 Nf6 2. Nc3 d5 3. exd5 Nxd5 4. Bc4 e6 5. Nf3 Be7 6. O-O O-O 7. Re1 Nc6 8.
d4 Nb6 9. Bf1 Bf6 10. Be3 g6 11. Bh6 Re8 12. Ne4 Bg7 13. Bxg7 Kxg7 14. c4 a5
15. Qd2 h6 16. Rad1 f5 17. Nc5 Qd6 18. Qc3 e5 19. Nd3 Nd7 20. dxe5 Qe7 21. Nf4
Qb4 22. Qc2 Qc5 23. Qc3 Qb4 24. Qc1 Qc5 25. Rd5 Qe7 26. Rb5 Na7 27. Rxa5 b6 28.
Ra3 Bb7 29. e6 Nc5 30. Nd5 Bxd5 31. cxd5 Red8 32. Ne5 Qd6 33. Rg3 g5 34. Rxg5+
Kh7 1-0

[Event "Pere Noel"]
[Site "Montreal CAN"]
[Date "2023.12.27"]
[Round "1.10"]
[White "Giard, Antoine"]
[Black "Lin, Leo"]
[Result "0-1"]
[WhiteElo "1836"]
[BlackElo "2236"]
[PlyCount "108"]
[EventDate "2023.12.27"]
[EventType "swiss"]
[EventRounds "5"]
[EventCountry "CAN"]

1. e4 c5 2. Nf3 d6 3. d4 cxd4 4. Nxd4 Nf6 5. Nc3 Nc6 6. Bg5 e6 7. Qd2 a6 8.
O-O-O Bd7 9. f4 b5 10. e5 dxe5 11. Nxc6 Bxc6 12. Qxd8+ Rxd8 13. Rxd8+ Kxd8 14.
fxe5 h6 15. Bxf6+ gxf6 16. exf6 Rg8 17. Ne2 Bc5 18. Ng3 Rg6 19. Bd3 Rxf6 20.
Ne4 Be3+ 21. Kb1 Rf4 22. Re1 Bb6 23. g3 Rf3 24. a4 Ke7 25. axb5 axb5 26. Re2
Rf1+ 27. Ka2 Bd5+ 28. b3 b4 29. c3 Rf3 30. Bc4 Bxc4 31. bxc4 bxc3 32. Rc2 Bd4
33. Kb3 e5 34. Kb4 f5 35. Nxc3 Bxc3+ 36. Rxc3 Rf2 37. h4 e4 38. c5 Kd7 39. c6+
Kc7 40. Kc5 Rf3 41. Rc4 Rxg3 42. Rb4 Rc3+ 43. Kd5 Rxc6 44. Ke5 Rc5+ 45. Kf4 Kd6
46. Rb6+ Rc6 47. Rb8 Kd5 48. Kxf5 e3 49. Re8 Kd4 50. Rd8+ Kc3 51. Re8 Kd2 52.
Kg4 e2 53. Rd8+ Ke1 54. Kh5 Rf6 0-1

[Event "Pere Noel"]
[Site "Montreal CAN"]
[Date "2023.12.27"]
[Round "1.11"]
[White "Batorshyn, Ilia	"]
[Black "Tachijian, Mardig"]
[Result "1-0"]
[WhiteElo "2211"]
[BlackElo "1825"]
[PlyCount "39"]
[EventDate "2023.12.27"]
[EventType "swiss"]
[EventRounds "5"]
[EventCountry "CAN"]

1. e4 e5 2. Nf3 Nc6 3. Bb5 Nf6 4. O-O d6 5. d4 exd4 6. Nxd4 Bd7 7. Nxc6 Bxc6 8.
Bxc6+ bxc6 9. Qf3 Nd7 10. Qg3 Qf6 11. Nc3 Qg6 12. Qd3 a5 13. f4 Qe6 14. Qg3 Qe7
15. Re1 h5 16. Bd2 h4 17. Qf3 g6 18. Nd5 Qd8 19. Qc3 Rg8 20. Qxc6 1-0

[Event "Pere Noel"]
[Site "Montreal CAN"]
[Date "2023.12.28"]
[Round "1.12"]
[White "Duval, Mathieu"]
[Black "Genzling, Jerome"]
[Result "1/2-1/2"]
[WhiteElo "1810"]
[BlackElo "2193"]
[PlyCount "99"]
[EventDate "2023.12.27"]
[EventType "swiss"]
[EventRounds "5"]
[EventCountry "CAN"]

1. d4 d5 2. c4 e6 3. Nc3 a6 4. cxd5 exd5 5. Nf3 c6 6. e3 Bf5 7. Bd3 Bxd3 8.
Qxd3 Nf6 9. O-O Be7 10. e4 dxe4 11. Nxe4 O-O 12. Rd1 Nbd7 13. Be3 Nxe4 14. Qxe4
Nf6 15. Qf5 Re8 16. Bg5 Qd5 17. Qxd5 Nxd5 18. Bxe7 Rxe7 19. Ne5 Rae8 20. Kf1
Nb4 21. Nc4 Rd8 22. Ne3 Re4 23. a3 Nd5 24. Nc2 Kf8 25. f3 Ne3+ 26. Nxe3 Rxe3
27. Rd2 Rd5 28. Rc1 Ke7 29. Kf2 Rb3 30. Rc3 Rxc3 31. bxc3 Rb5 32. c4 Rb3 33.
Re2+ Kd7 34. Re3 Rb2+ 35. Re2 Rb1 36. Re3 Rd1 37. Rb3 Kc7 38. Ke3 Rh1 39. h3
Rg1 40. Rb2 Ra1 41. Rb3 Ra2 42. g3 g5 43. f4 f6 44. fxg5 fxg5 45. Ke4 Rh2 46.
g4 Rf2 47. c5 Rf4+ 48. Ke5 h6 49. d5 cxd5 50. Kxd5 1/2-1/2

[Event "Pere Noel"]
[Site "Montreal CAN"]
[Date "2023.12.27"]
[Round "1.13"]
[White "Hrivnak, Vladimir"]
[Black "Gagnon, Gabriel"]
[Result "1/2-1/2"]
[WhiteElo "2166"]
[BlackElo "1810"]
[PlyCount "90"]
[EventDate "2023.12.27"]
[EventType "swiss"]
[EventRounds "5"]
[EventCountry "CAN"]

1. d4 Nf6 2. Nf3 g6 3. g3 Bg7 4. Bg2 O-O 5. O-O d6 6. Nc3 Nc6 7. d5 Ne5 8. Nxe5
dxe5 9. b3 e4 10. Be3 Nxd5 11. Nxd5 Bxa1 12. Qxa1 Qxd5 13. Bh6 f6 14. Bxf8 Kxf8
15. Rd1 Qc6 16. Rd8+ Kf7 17. c4 b6 18. Qd4 Bb7 19. Rd5 f5 20. g4 Qf6 21. gxf5
gxf5 22. Qxf6+ Kxf6 23. Rd7 Rc8 24. e3 Bc6 25. Rd2 Be8 26. Kf1 c5 27. f4 exf3
28. Bxf3 Rc7 29. Rd8 Bg6 30. Ke1 Ke5 31. Rd5+ Kf6 32. Rd8 e6 33. h4 h6 34. a3
Ke5 35. Rg8 Bh7 36. Rf8 Bg6 37. Rg8 Kf6 38. Rd8 Bf7 39. Ke2 Re7 40. Rc8 Rd7 41.
Rh8 Kg7 42. Ra8 Kf6 43. Rh8 Kg7 44. Ra8 Kf6 45. Rh8 Kg7 1/2-1/2

[Event "Pere Noel"]
[Site "Montreal CAN"]
[Date "2023.12.27"]
[Round "1.14"]
[White "St-Germain, Jack"]
[Black "Saha, Ananda"]
[Result "0-1"]
[WhiteElo "1794"]
[BlackElo "2165"]
[PlyCount "108"]
[EventDate "2023.12.27"]
[EventType "swiss"]
[EventRounds "5"]
[EventCountry "CAN"]

1. e4 e6 2. d4 d5 3. Nd2 Nf6 4. e5 Nfd7 5. Bd3 c5 6. c3 Nc6 7. Ngf3 a5 8. O-O
a4 9. Bb5 Qa5 10. c4 Nxd4 11. Nxd4 cxd4 12. Nf3 dxc4 13. Nxd4 Bc5 14. Bd2 Qb6
15. Be3 Bxd4 16. Bxd7+ Bxd7 17. Bxd4 Qb5 18. Qg4 O-O 19. Rae1 a3 20. Rb1 axb2
21. Rxb2 Qd5 22. Bc3 Bc6 23. f4 Qe4 24. Re1 Qg6 25. Qe2 Bd5 26. Bb4 Rfc8 27.
Rc2 Qf5 28. Qf2 Be4 29. Rc3 Bd3 30. a3 b5 31. h3 Rd8 32. Bd6 h6 33. Re3 Kh7 34.
g4 Qg6 35. Rg3 Qe4 36. Re3 Qd4 37. Rexd3 Qxf2+ 38. Kxf2 cxd3 39. Rxd3 Ra4 40.
Ke3 Rc8 41. Bb4 Ra7 42. f5 Rac7 43. fxe6 fxe6 44. Rd6 Rc6 45. Rd7 R8c7 46. Rd8
Rb7 47. Rd6 Rbc7 48. Rd8 Rc1 49. Rb8 Rh1 50. Rxb5 Rxh3+ 51. Kd2 Rc4 52. Rb7
Rxg4 53. Kc2 Rg2+ 54. Bd2 Rxa3 0-1

[Event "Pere Noel"]
[Site "Montreal CAN"]
[Date "2023.12.27"]
[Round "1.15"]
[White "Adam, Rafael"]
[Black "Forget, Luc"]
[Result "1/2-1/2"]
[WhiteElo "2160"]
[BlackElo "1782"]
[PlyCount "172"]
[EventDate "2023.12.27"]
[EventType "swiss"]
[EventRounds "5"]
[EventCountry "CAN"]

1. e4 d5 2. exd5 Qxd5 3. d4 Nf6 4. Nf3 Bg4 5. Be2 e6 6. O-O c6 7. c4 Qd8 8. Nc3
Be7 9. h3 Bxf3 10. Bxf3 O-O 11. Re1 Nbd7 12. d5 exd5 13. cxd5 Bc5 14. dxc6 bxc6
15. Qc2 Rc8 16. Bg5 h6 17. Bh4 Re8 18. Rad1 Qc7 19. Rxe8+ Rxe8 20. Na4 Bb4 21.
Qxc6 Qxc6 22. Bxc6 Re1+ 23. Rxe1 Bxe1 24. Bg3 Bb4 25. a3 Be7 26. b4 Kf8 27. Nc3
Nb6 28. Bb8 Nc4 29. Bxa7 Nxa3 30. b5 Nc2 31. Na4 Nb4 32. Bf3 Nd7 33. b6 Na6 34.
Bc6 Ndb8 35. Bb5 Bd6 36. b7 Ke7 37. Nb6 Kd8 38. Nc4 Bc5 39. Bxc5 Nxc5 40. Nd6
Ke7 41. Nc8+ Kd8 42. Nd6 Ke7 43. Nc8+ Kd8 44. Bc4 Nxb7 45. Nb6 f6 46. g3 Nd7
47. Nd5 Ne5 48. Be2 Nd6 49. f4 Nc6 50. Bd3 Ne7 51. Ne3 Kd7 52. Kg2 Kc6 53. Kf3
Kc5 54. Bb1 Kd4 55. Nc2+ Kc5 56. Ba2 Nef5 57. Kg4 Ne7 58. Be6 Ne4 59. Kf3 Kd6
60. Nd4 Nd2+ 61. Ke3 Nf1+ 62. Kf2 Nd2 63. Ba2 Ne4+ 64. Kf3 Nc3 65. Bb3 Ncd5 66.
Kg4 Ne3+ 67. Kh5 Nf1 68. g4 Ng3+ 69. Kh4 Nf1 70. Ne6 g6 71. Nd4 Ne3 72. Bf7
Ng2+ 73. Kg3 Ne3 74. Nb5+ Kd7 75. Nd4 Kd6 76. Kf3 N3d5 77. Kg3 Nc7 78. Bxg6
Nxg6 79. Nf5+ Kd7 80. Nxh6 Nd5 81. f5 Nh8 82. h4 Ke7 83. g5 fxg5 84. hxg5 Nf7
85. Kg4 Ne3+ 86. Kh5 Nxg5 1/2-1/2

[Event "Pere Noel"]
[Site "Montreal CAN"]
[Date "2023.12.27"]
[Round "1.16"]
[White "Bernales Garcia, Oscar"]
[Black "Guillemette, Hugo"]
[Result "0-1"]
[WhiteElo "1766"]
[BlackElo "2116"]
[PlyCount "84"]
[EventDate "2023.12.27"]
[EventType "swiss"]
[EventRounds "5"]
[EventCountry "CAN"]

1. d4 Nf6 2. c4 e6 3. Nf3 b6 4. e3 Bb7 5. Be2 d5 6. b3 Bd6 7. O-O O-O 8. Bb2
Nbd7 9. Nc3 c6 10. Rc1 Rc8 11. Qc2 c5 12. dxc5 Nxc5 13. Rfd1 Nce4 14. Nxe4 Nxe4
15. Qb1 Qe7 16. cxd5 exd5 17. Qa1 f6 18. Nd4 f5 19. Rxc8 Bxc8 20. Bf3 Bxh2+ 21.
Kxh2 Qh4+ 22. Kg1 Qxf2+ 23. Kh2 Rf6 24. Nxf5 Rxf5 25. Rf1 Qh4+ 26. Kg1 Ng3 27.
Rc1 Qh1+ 28. Kf2 Ne4+ 29. Ke2 Ba6+ 30. Rc4 Qxa1 31. Bxa1 dxc4 32. Bxe4 cxb3+
33. Kd2 Ra5 34. a3 Bc4 35. Kc3 Rc5 36. Kd4 Be6 37. Bd3 g5 38. e4 h5 39. Ke3 h4
40. Bf6 Kf7 41. e5 b2 42. Bxg5 Rc3 0-1

[Event "Pere Noel"]
[Site "Montreal CAN"]
[Date "2023.12.27"]
[Round "1.17"]
[White "Li, Yi Lin"]
[Black "Nardone, Raul"]
[Result "1-0"]
[WhiteElo "2111"]
[BlackElo "1761"]
[PlyCount "81"]
[EventDate "2023.12.27"]
[EventType "swiss"]
[EventRounds "5"]
[EventCountry "CAN"]

1. e4 c5 2. Nf3 e6 3. d4 cxd4 4. Nxd4 a6 5. c4 Nf6 6. Bd3 Qc7 7. O-O Nc6 8. Nc2
Bd6 9. f4 Bc5+ 10. Kh1 h5 11. Be3 Bxe3 12. Nxe3 d6 13. Nc3 Bd7 14. Rb1 Qb6 15.
Qf3 O-O-O 16. b4 Ng4 17. Nc2 Nd4 18. Nxd4 Qxd4 19. b5 Qxc3 20. bxa6 Bc6 21.
axb7+ Kc7 22. Qg3 f5 23. Rb3 Qf6 24. Qe1 Rb8 25. Qa5+ Kd7 26. exf5 e5 27. fxe5
Qxe5 28. Qxe5 Nxe5 29. Kg1 Rxb7 30. Be2 Ra7 31. a3 Ke7 32. h3 Kf6 33. Rd1 Ke7
34. Rg3 Kf6 35. Rxd6+ Kxf5 36. h4 g6 37. Rg5+ Kf4 38. Kf2 Rxa3 39. Rd4+ Be4 40.
g3+ Rxg3 41. Rxg3 1-0

[Event "Pere Noel"]
[Site "Montreal CAN"]
[Date "2023.12.27"]
[Round "1.18"]
[White "Cloutier, Eric"]
[Black "Kot, Emanuel"]
[Result "0-1"]
[WhiteElo "1758"]
[BlackElo "2095"]
[PlyCount "51"]
[EventDate "2023.12.27"]
[EventType "swiss"]
[EventRounds "5"]
[EventCountry "CAN"]

1. e4 c5 2. Nc3 Nc6 3. g3 g6 4. Bg2 Bg7 5. d3 e6 6. Be3 d6 7. Qd2 Nd4 8. Nd1 e5
9. c3 Ne6 10. Ne2 Ne7 11. Bh6 O-O 12. Bxg7 Nxg7 13. Ne3 Be6 14. O-O d5 15. Qc2
d4 16. Nd1 Nc6 17. c4 Qe7 18. h3 Qd7 19. Kh2 f5 20. Ng1 f4 21. Qe2 g5 22. g4 h5
23. Bf3 Ne7 24. Bg2 hxg4 25. f3 g3+ 26. Kh1 0-1

[Event "Pere Noel"]
[Site "Montreal CAN"]
[Date "2023.12.27"]
[Round "1.19"]
[White "Wang, Derek"]
[Black "Giroux, Robert"]
[Result "1-0"]
[WhiteElo "2066"]
[BlackElo "1758"]
[PlyCount "53"]
[EventDate "2023.12.27"]
[EventType "swiss"]
[EventRounds "5"]
[EventCountry "CAN"]

1. d4 Nf6 2. Bf4 d5 3. Nc3 e6 4. Nb5 Na6 5. e3 c6 6. Nc3 Nc7 7. Nf3 Be7 8. Bd3
O-O 9. Ne5 c5 10. dxc5 Bxc5 11. Qf3 Nce8 12. Qh3 Qb6 13. O-O-O Be7 14. g4 g6
15. Bh6 Ng7 16. f4 Rd8 17. Rhg1 d4 18. exd4 Rxd4 19. f5 Nd5 20. fxg6 hxg6 21.
Qf3 f6 22. Nxd5 Rxd5 23. Nxg6 Bd8 24. Qh3 Qc7 25. Bf4 e5 26. Qh8+ Kf7 27. Qf8+
1-0

[Event "Pere Noel"]
[Site "Montreal CAN"]
[Date "2023.12.27"]
[Round "1.20"]
[White "Hu, Raymond"]
[Black "Turcotte, Jonathan"]
[Result "1-0"]
[WhiteElo "1750"]
[BlackElo "2041"]
[PlyCount "109"]
[EventDate "2023.12.27"]
[EventType "swiss"]
[EventRounds "5"]
[EventCountry "CAN"]

1. e4 c6 2. d4 d5 3. exd5 cxd5 4. Bd3 Nc6 5. c3 Qc7 6. Qb3 Nxd4 7. Qxd5 Nc6 8.
Ne2 Nf6 9. Qb3 e5 10. Ng3 Be6 11. Qc2 Rc8 12. O-O a6 13. Qe2 g6 14. Bg5 Bg7 15.
f4 Nd5 16. f5 Bd7 17. Bc4 Nd4 18. cxd4 Qxc4 19. Qxc4 Rxc4 20. f6 Bf8 21. dxe5
Bc5+ 22. Kh1 h6 23. Bd2 Ne3 24. Bxe3 Bxe3 25. Na3 Rc7 26. Rad1 Bg4 27. Rd3 Ba7
28. h3 Be6 29. b3 O-O 30. Rfd1 Kh7 31. Ne2 Bf5 32. Rd8 Rxd8 33. Rxd8 b5 34. Rd6
Bc8 35. Rd8 Bb7 36. Kh2 Bb6 37. Nd4 Be4 38. e6 fxe6 39. Nxe6 Bf5 40. Rd6 Rb7
41. f7 Rxf7 42. Rxb6 Be4 43. Kg1 Bd5 44. Rxa6 Re7 45. Nd4 b4 46. Nac2 Re4 47.
Rb6 Kg7 48. Rxb4 Kf6 49. Rb6+ Kf7 50. Rd6 Re5 51. a4 Rg5 52. Ne3 Ba8 53. b4 Ke7
54. Ra6 Bb7 55. Ra7 1-0

[Event "Pere Noel"]
[Site "Montreal CAN"]
[Date "2023.12.27"]
[Round "1.21"]
[White "Di Matteo, Alessio"]
[Black "Duguay-Piron, Simon"]
[Result "1-0"]
[WhiteElo "2035"]
[BlackElo "1734"]
[PlyCount "71"]
[EventDate "2023.12.27"]
[EventType "swiss"]
[EventRounds "5"]
[EventCountry "CAN"]

1. d4 d5 2. c4 e6 3. Nc3 a6 4. cxd5 exd5 5. Qb3 Nf6 6. Bg5 c6 7. e4 dxe4 8. Bc4
Qe7 9. a4 h6 10. Bf4 Be6 11. Bxe6 fxe6 12. Nge2 a5 13. O-O Na6 14. Ng3 Qd7 15.
Ngxe4 Be7 16. Nxf6+ Bxf6 17. Rfe1 Kf7 18. Rad1 Nb4 19. Be5 Rae8 20. Ne4 Be7 21.
Qf3+ Kg8 22. Qg4 Rh7 23. Re3 Nd5 24. Rg3 Bf8 25. Rdd3 b6 26. Rdf3 Re7 27. Qg6
Qe8 28. Qg4 Rf7 29. Qh5 Re7 30. Rg6 Rf7 31. Rfg3 Ne7 32. Rxe6 Qd8 33. Nf6+ Rxf6
34. Rxf6 g6 35. Rfxg6+ Nxg6 36. Qxg6+ 1-0

[Event "Pere Noel"]
[Site "Montreal CAN"]
[Date "2023.12.27"]
[Round "1.23"]
[White "Chouchane, Amine"]
[Black "Banger, Sartag"]
[Result "1-0"]
[WhiteElo "2000"]
[BlackElo "1724"]
[PlyCount "57"]
[EventDate "2023.12.27"]
[EventType "swiss"]
[EventRounds "5"]
[EventCountry "CAN"]

1. e4 e5 2. Bc4 Nf6 3. d3 Nc6 4. Nf3 Bc5 5. O-O d6 6. a4 Bg4 7. c3 a5 8. Re1 h6
9. h3 Bh5 10. Nbd2 O-O 11. Nf1 Bg6 12. Ng3 Nh5 13. Nxh5 Bxh5 14. g4 Bg6 15. Be3
Bxe3 16. fxe3 Kh8 17. Rf1 Qd7 18. Nh4 Ne7 19. Qf3 c6 20. Rf2 d5 21. exd5 cxd5
22. Bb5 Qe6 23. Qg3 f5 24. Raf1 Rf7 25. gxf5 Bxf5 26. e4 dxe4 27. dxe4 Bxe4 28.
Rxf7 g5 29. R1f6 1-0

[Event "Pere Noel"]
[Site "Montreal CAN"]
[Date "2023.12.27"]
[Round "1.24"]
[White "Ramos, Michelle"]
[Black "Jiang, Barron Jiyu"]
[Result "1-0"]
[WhiteElo "1702"]
[BlackElo "1971"]
[PlyCount "97"]
[EventDate "2023.12.27"]
[EventType "swiss"]
[EventRounds "5"]
[EventCountry "CAN"]

1. e4 c5 2. c3 d5 3. exd5 Qxd5 4. d4 Nf6 5. Nf3 Nc6 6. Be2 Bg4 7. Be3 cxd4 8.
cxd4 e6 9. Nc3 Qa5 10. O-O Be7 11. Qd2 O-O 12. a3 a6 13. b4 Qc7 14. Rfd1 Rfd8
15. Qb2 Nd5 16. Nxd5 Rxd5 17. h3 Bh5 18. Rac1 Bf6 19. Rc5 Rad8 20. g4 Bg6 21.
Bc4 Rxc5 22. bxc5 Be4 23. Be2 Rd5 24. g5 Rxc5 25. gxf6 Rh5 26. Kg2 gxf6 27. Rg1
Kf8 28. Qc1 Qd6 29. Qc3 Rf5 30. a4 Qd5 31. Qc5+ Qxc5 32. dxc5 Ne5 33. Rc1 Bxf3+
34. Bxf3 Nxf3 35. Rb1 Ng5 36. Rxb7 Ne4 37. c6 Ke8 38. Bb6 Nd6 39. Rb8+ Ke7 40.
Bd8+ Kf8 41. Bxf6+ Ne8 42. Bd4 Ke7 43. Bb6 Rf4 44. Bc5+ Nd6 45. Rb7+ Kf6 46.
Bxd6 Rxa4 47. c7 Rc4 48. Rb8 a5 49. c8=Q 1-0

[Event "Pere Noel"]
[Site "Montreal CAN"]
[Date "2023.12.27"]
[Round "1.25"]
[White "Lima-Barbosa, Raphael"]
[Black "Auersperg, Leo"]
[Result "1/2-1/2"]
[WhiteElo "1958"]
[BlackElo "1694"]
[PlyCount "120"]
[EventDate "2023.12.27"]
[EventType "swiss"]
[EventRounds "5"]
[EventCountry "CAN"]

1. c4 Nf6 2. Nc3 g6 3. g3 Bg7 4. Bg2 O-O 5. e4 d6 6. Nge2 c5 7. O-O Nc6 8. d3
a6 9. f4 Rb8 10. h3 Qc7 11. a4 e6 12. g4 Nd4 13. Be3 Nd7 14. f5 b5 15. axb5
axb5 16. Bxd4 cxd4 17. Nxb5 Qc5 18. Qa4 exf5 19. gxf5 Bh6 20. Qa3 Qe5 21. Nxd6
Nc5 22. Nxc8 Rb3 23. Qa8 Rxb2 24. Qd5 Qc7 25. fxg6 hxg6 26. Nd6 Rxe2 27. Ra8
Be3+ 28. Kh1 Rf2 29. Rxf8+ Kxf8 30. Rxf2 Bxf2 31. Qa8+ Ke7 32. Qe8+ Kf6 33. e5+
Kg7 34. Bd5 Qa7 35. Kg2 Bh4 36. Qxf7+ Qxf7 37. Bxf7 Nxd3 38. e6 Ne5 39. Be8 d3
40. c5 d2 41. Ba4 Kf6 42. Ne4+ Kxe6 43. Nxd2 Kd5 44. Nb3 Be7 45. Kg3 Bxc5 46.
Nxc5 Kxc5 47. Kf4 Kd6 48. Bb3 Nd3+ 49. Kg5 Ne5 50. Kf6 Nf3 51. Kxg6 Ke7 52. Kg7
Ke8 53. Bd5 Nh4 54. Be4 Ke7 55. Bh7 Nf3 56. Bg6 Nh4 57. Be4 Ke8 58. Kf6 Kf8 59.
Bd5 Ng2 60. Bxg2 Kg8 1/2-1/2

[Event "Pere Noel"]
[Site "Montreal CAN"]
[Date "2023.12.27"]
[Round "1.27"]
[White "Gagnon, Serge"]
[Black "Yang, Jing Yao"]
[Result "1-0"]
[WhiteElo "1945"]
[BlackElo "1594"]
[PlyCount "85"]
[EventDate "2023.12.27"]
[EventType "swiss"]
[EventRounds "5"]
[EventCountry "CAN"]

1. d4 Nf6 2. c4 g6 3. Nc3 d5 4. cxd5 Nxd5 5. e4 Nxc3 6. bxc3 Bg7 7. Bc4 c5 8.
Ne2 O-O 9. O-O Nc6 10. Be3 Bg4 11. f3 Na5 12. Bxf7+ Rxf7 13. fxg4 Rxf1+ 14.
Kxf1 Qd6 15. Kg1 Qe6 16. Ng3 b5 17. Qe2 Nc4 18. Bf2 b4 19. Rc1 Rc8 20. d5 Qa6
21. cxb4 cxb4 22. Nf1 Bb2 23. Rxc4 Qxc4 24. Qxb2 Qxe4 25. Ne3 Rc3 26. Kf1 a5
27. Ke2 a4 28. h3 Qd3+ 29. Ke1 a3 30. Qd2 Qb1+ 31. Ke2 Qb2 32. Nd1 Qxd2+ 33.
Kxd2 Rc4 34. Ne3 Rf4 35. Bg3 Rd4+ 36. Kc2 Kf7 37. Be1 Rf4 38. Kb3 Re4 39. Nc2
Re5 40. Bxb4 Rxd5 41. Kxa3 e5 42. Kb3 e4 43. a4 1-0

[Event "Pere Noel"]
[Site "Montreal CAN"]
[Date "2023.12.27"]
[Round "1.28"]
[White "Li, James"]
[Black "Gueorguiev, Valentin"]
[Result "0-1"]
[WhiteElo "1516"]
[BlackElo "1944"]
[PlyCount "150"]
[EventDate "2023.12.27"]
[EventType "swiss"]
[EventRounds "5"]
[EventCountry "CAN"]

1. d4 d5 2. c4 c6 3. Nc3 Nf6 4. Nf3 g6 5. Bg5 Bg7 6. e3 O-O 7. Bd3 dxc4 8. Bxc4
Bg4 9. O-O Qa5 10. Bh4 Qh5 11. Bg3 Nbd7 12. Be2 Rad8 13. h3 Bxf3 14. Bxf3 Qa5
15. Qb3 Nb6 16. Bc7 Rd7 17. Bxb6 axb6 18. Na4 Nd5 19. Bxd5 Rxd5 20. Nxb6 Rg5
21. Nc4 Qd5 22. f3 Qe6 23. Kh1 Rb5 24. Qc3 c5 25. Na3 cxd4 26. exd4 Rd5 27.
Rad1 Rc8 28. Qb4 Qd7 29. b3 b5 30. Rc1 Rb8 31. Nc2 Bh6 32. Rce1 e6 33. a4 Rc8
34. Ne3 Rh5 35. Ng4 Bg7 36. Ne5 Qd5 37. Qxb5 Qxd4 38. Qb7 Rf8 39. Nc6 Qf4 40.
a5 Qg3 41. Re2 Bh6 42. Ne7+ Kh8 43. Qb4 Rb8 44. Qd4+ Bg7 45. Qd2 Qc7 46. Nxg6+
hxg6 47. b4 Rhb5 48. Re4 Qe7 49. a6 Qa7 50. Qd6 R5b6 51. Rh4+ Kg8 52. Qd2 Qxa6
53. Rb1 Qb7 54. Qe1 Qc6 55. Rc1 Qd6 56. Rd1 Qe7 57. Rb1 Bc3 58. Qg3 Bf6 59. Rc4
Rxb4 60. Qxb8+ Rxb8 61. Rxb8+ Kh7 62. Rb1 g5 63. Re4 Qc5 64. Rbe1 Kg6 65. R1e2
Bd4 66. Re1 e5 67. R4e2 f6 68. Kh2 Bf2 69. Rf1 Be3 70. Rfe1 Bf4+ 71. g3 Bc1 72.
Kg2 Ba3 73. Rf1 Qc4 74. Rff2 Bc5 75. Rc2 Qd4 0-1

[Event "Pere Noel"]
[Site "Montreal CAN"]
[Date "2023.12.27"]
[Round "1.29"]
[White "Morteza, Arian"]
[Black "Presseau, Mateo"]
[Result "1-0"]
[WhiteElo "1944"]
[BlackElo "1474"]
[PlyCount "97"]
[EventDate "2023.12.27"]
[EventType "swiss"]
[EventRounds "5"]
[EventCountry "CAN"]

1. d4 g6 2. e4 Bg7 3. c3 d6 4. Qc2 a6 5. Bc4 b5 6. Bd3 Bb7 7. Nf3 Nd7 8. Bg5 c5
9. d5 Ngf6 10. Nbd2 O-O 11. O-O c4 12. Be2 h6 13. Be3 Re8 14. a4 e6 15. dxe6
Rxe6 16. Nd4 Re8 17. f3 Nd5 18. Bf2 Nf4 19. Rfe1 Nc5 20. Nxc4 bxc4 21. Bxc4 Qc7
22. Bf1 Nfe6 23. b4 Nd7 24. Qb3 Rac8 25. Rac1 Ne5 26. Red1 Nc4 27. b5 Na5 28.
Qb4 Nc5 29. b6 Qd7 30. Qxa5 Qxa4 31. Ra1 Qd7 32. Qa3 Qd8 33. Rab1 Qe7 34. Nb3
Ne6 35. c4 Nc5 36. Na5 Bf8 37. Bg3 Red8 38. Rd2 h5 39. Rbd1 Qf6 40. Nxb7 Nxb7
41. Qxa6 Nc5 42. Qb5 Rb8 43. Ra2 d5 44. Bxb8 Rxb8 45. cxd5 Rxb6 46. Qe8 Nb7 47.
Ra8 Qg7 48. e5 Qh6 49. f4 1-0

[Event "Pere Noel"]
[Site "Montreal CAN"]
[Date "2023.12.27"]
[Round "1.30"]
[White "Vezeau, Jonathan"]
[Black "Brassard, Sylvain"]
[Result "1-0"]
[WhiteElo "2007"]
[BlackElo "1769"]
[PlyCount "38"]
[EventDate "2023.12.27"]
[EventType "swiss"]
[EventRounds "5"]
[EventCountry "CAN"]

1. c4 e6 2. Nc3 Nf6 3. Nf3 d5 4. g3 c6 5. d4 Bb4 6. Qb3 Bxc3+ 7. Qxc3 Ne4 8.
Qc2 Nd7 9. Bg2 O-O 10. O-O Qe7 11. b3 b6 12. a4 Bb7 13. Ne5 Nxe5 14. dxe5 c5
15. f3 f5 16. fxe4 fxe4 17. Bd2 Qc7 18. Bf4 h6 19. h4 Rf5 1-0

[Event "Pere Noel"]
[Site "Montreal CAN"]
[Date "2023.12.28"]
[Round "2.2"]
[White "Sambuev, Bator"]
[Black "Li, Yi Lin"]
[Result "1-0"]
[WhiteElo "2573"]
[BlackElo "2111"]
[PlyCount "59"]
[EventDate "2023.12.27"]
[EventType "swiss"]
[EventRounds "5"]
[EventCountry "CAN"]

1. d4 d5 2. c4 c6 3. Nf3 Nf6 4. e3 e6 5. Nbd2 c5 6. cxd5 Nxd5 7. e4 Nb6 8. Nb3
cxd4 9. Qxd4 Qxd4 10. Nfxd4 e5 11. Nb5 Na6 12. a3 Nd7 13. Na5 Be7 14. Be3 O-O
15. b4 Bd8 16. Nc4 b6 17. Ncd6 Nf6 18. Nxc8 Rxc8 19. f3 Ra8 20. Rc1 Ne8 21. Bc4
Nac7 22. Nxc7 Bxc7 23. Ke2 Rd8 24. Bb3 Bd6 25. Rc6 h6 26. g4 Nc7 27. Rd1 Nb5
28. Rd5 Nd4+ 29. Bxd4 exd4 30. Rdxd6 1-0

[Event "Pere Noel"]
[Site "Montreal CAN"]
[Date "2023.12.28"]
[Round "2.3"]
[White "Robichaud, Louis"]
[Black "Druska, Juraj"]
[Result "0-1"]
[WhiteElo "2030"]
[BlackElo "2417"]
[PlyCount "104"]
[EventDate "2023.12.27"]
[EventType "swiss"]
[EventRounds "5"]
[EventCountry "CAN"]

1. e4 c5 2. Nc3 Nc6 3. d3 g6 4. g3 Bg7 5. Bg2 e6 6. Be3 d6 7. Nge2 Nd4 8. O-O
Ne7 9. Qd2 Nec6 10. f4 O-O 11. Rab1 Bd7 12. Nd1 Qa5 13. Nxd4 Qxd2 14. Bxd2 Nxd4
15. c3 Nc6 16. Ne3 b5 17. Rbd1 Rad8 18. f5 h5 19. f6 Bh6 20. Nd5 Bxd2 21. Ne7+
Kh7 22. Rxd2 Rfe8 23. Nxc6 Bxc6 24. d4 e5 25. d5 Bd7 26. h4 g5 27. Bf3 Kg6 28.
Rh2 Rh8 29. hxg5 Kxg5 30. Kg2 Rh6 31. Rh4 b4 32. Rfh1 bxc3 33. bxc3 Rb8 34. g4
Kxf6 35. Rxh5 Rxh5 36. Rxh5 Kg7 37. g5 Rh8 38. Rxh8 Kxh8 39. Kg3 Kg7 40. Bg4
Bb5 41. Bf5 Be2 42. Kh4 Kf8 43. Kg3 Ke7 44. Kf2 Bh5 45. Ke3 Kd8 46. Kd2 Ke7 47.
Ke3 f6 48. gxf6+ Kxf6 49. Kf2 Bg6 50. Bxg6 Kxg6 51. Kf3 Kg5 52. Kg3 c4 0-1

[Event "Pere Noel"]
[Site "Montreal CAN"]
[Date "2023.12.28"]
[Round "2.4"]
[White "Tanaka, Tyler"]
[Black "Wang, Derek"]
[Result "1-0"]
[WhiteElo "2336"]
[BlackElo "2066"]
[PlyCount "83"]
[EventDate "2023.12.27"]
[EventType "swiss"]
[EventRounds "5"]
[EventCountry "CAN"]

1. Nf3 Nf6 2. g3 d5 3. Bg2 c5 4. O-O Nc6 5. d4 Bg4 6. c4 Bxf3 7. Bxf3 cxd4 8.
Qb3 Ne5 9. Bxd5 Nxd5 10. cxd5 Qd7 11. Rd1 d3 12. Bf4 dxe2 13. Re1 Ng6 14. Bd2
h5 15. Nc3 h4 16. Rxe2 Rc8 17. Ne4 Rh5 18. Ng5 f6 19. Qf3 Rxg5 20. Bxg5 fxg5
21. Qh5 Kf7 22. Re6 Qxd5 23. Rxg6 Kg8 24. Rxg5 Qd2 25. Qg4 Rc6 26. Rd1 Qxb2 27.
Qxh4 Rc1 28. Rxc1 Qxc1+ 29. Kg2 Qc6+ 30. Kh3 Qe6+ 31. Qg4 Qxa2 32. Qf3 e6 33.
Kg2 b6 34. Qg4 a5 35. h4 Kf7 36. Qf3+ Kg8 37. Qc6 a4 38. h5 a3 39. h6 Qb2 40.
Qxe6+ Kh7 41. Qf5+ Kg8 42. h7+ 1-0